Calculator Annie (Record no. 122519)

MARC details
000 -LEADER
fixed length control field 00488nam a2200169Ia 4500
008 - FIXED-LENGTH DATA ELEMENTS--GENERAL INFORMATION
fixed length control field 191130s1994##################000#0#eng##
020 ## - INTERNATIONAL STANDARD BOOK NUMBER
ISBN 9780747580409
082 ## - DEWEY DECIMAL CLASSIFICATION NUMBER
Classification number 823.0083 SMI
100 ## - MAIN ENTRY--AUTHOR NAME
Personal name Smith, Mccall Alexander
245 ## - TITLE STATEMENT
Title Calculator Annie
Statement of responsibility, etc Alexander Mccall Smith
260 ## - PUBLICATION, DISTRIBUTION, ETC. (IMPRINT)
Place of publication New York
Name of publisher Puffin Books
Year of publication 1994
300 ## - PHYSICAL DESCRIPTION
Number of Pages 80 p. : illustrated by Ian Bilbey
991 ## -
-- 24169
Holdings
Withdrawn status Lost status Damaged status Not for loan Home library Current library Date acquired Full call number Accession Number Price effective from Koha item type
        Anna Centenary Library Anna Centenary Library 12.10.2020 823.0083 SMI 38210 12.10.2020 English Books
        Anna Centenary Library Anna Centenary Library 12.10.2020 823.0083 SMI 391288 12.10.2020 English Books

Find us on the map